000 00614nam a2200217Ia 4500
005 20250508163852.0
008 008 250505s9999 xx 000 0 hin d
020 _a81-901339-0-X
037 _aTextual
040 _aFEDL
_beng
_cFEDL
041 _ahin
_2eng
084 _a020, TIW
_qFEDL
100 _aTiwari Shastri Ramnayan
_9393875
245 0 _aPustkalya paricharya prsunum
260 _aDelhi, India
_bRamnayan Tiwari Shastri
_c2001
300 _axvii,175p.
365 _aINR
_b200
650 _aLibrary and Information Sciences
942 _cTEXL
_h020, TIW
999 _c1385700
_d1385700